• 首页
  • 本馆介绍
  • 公告通知
  • 最新文献
  • 馆藏检索
  • 电子资源
  • 读者导购
  • 参考咨询
  • 我的图书馆
  • 登录
  • 详细信息显示
  • 放入我的书架
  • 预约/预借图书
  • 作者相关作品
  • 分类相关作品
  • 丛书相关作品
  • 出版社相关作品

书目信息

  • 表格格式
  • 工作单格式
  • 卡片格式
题名:
世界摄影大师经典作品集
    
 
作者: 桑德 摄 ;独觉色品图像研究中心 编著
分册:   奥古斯特·桑德
出版信息: 汕头   汕头大学出版社  2005
页数: 190页
开本: 17cm
丛书名:
单 册:
中图分类: J433(516) , J431
科图分类:
主题词: 人像摄影--德国--现代--摄影集 , 摄影集 , 摄影集--世界--现代 , 人像摄影
电子资源:
ISBN: 7-81036-954-7
000 00994nam0 2200277 450
001 002925550
005 20070805093545.78
010    @a7-81036-954-7@dCNY20.00
100    @a20050119d2005 em y0chiy0110 ea
101 0  @achi
102    @aCN@b440000
105    @aa z 000yd
200 1  @a世界摄影大师经典作品集@9ao gu si te · sang de@i奥古斯特·桑德@f独觉色品图像研究中心编著
210    @a汕头@c汕头大学出版社@d2005
215    @a190页@d17cm
330    @a本书是世界最负盛名的摄影师奥古斯特·桑德的摄影作品集,人们通过这些作品了解大师们是如何理解及运用镜头的,是如何将人的精神与世界的现实融合为一体的。
606 0  @a人像摄影@y德国@z现代@j摄影集
606 0  @a摄影集
606 0  @a摄影集@y世界@z现代
606 0  @a人像摄影
690    @aJ433(516)@v4
690    @aJ431@v4
701  0 @c(德)@a桑德@9sang de@c(Sander, August@f1876.11~1964.4)@4摄
712 02 @a独觉色品图像研究中心@9du jue se pin tu xiang yan jiu zhong xin@4编著
801  0 @aCN@bNLC@c20070805
905    @a10447@dJ431@e219
    
    世界摄影大师经典作品集.奥古斯特·桑德/独觉色品图像研究中心编著.-汕头:汕头大学出版社,2005
    190页;17cm
    
    
    ISBN 7-81036-954-7:CNY20.00
    本书是世界最负盛名的摄影师奥古斯特·桑德的摄影作品集,人们通过这些作品了解大师们是如何理解及运用镜头的,是如何将人的精神与世界的现实融合为一体的。
●
相关链接 在E读中查询图书 在五车中查询图书 在当当中查询图书 在豆瓣中查询图书


正题名:世界摄影大师经典作品集     索取号:J431/219         预约/预借

序号 登录号 条形码 馆藏地/架位号 状态 备注
1 0808177   208081779   第一样本阅览室/ [索取号:J431/219] 在馆    
2 0808178   208081788   第一借阅区/ [索取号:J431/219] 在馆    
3 0808179   208081797   第一借阅区/ [索取号:J431/219] 在馆    
4 0808180   208081804   第一借阅区/ [索取号:J431/219] 在馆    
5 0808181   208081813   第一借阅区/ [索取号:J431/219] 在馆    
6 0808182   208081822   第一借阅区/ [索取号:J431/219] 在馆    
7 0808183   208081831   第一借阅区/ [索取号:J431/219] 在馆    
8 0808184   208081840   密集书库-美术系/ [索取号:J431/219] 在馆    
9 0808185   208081859   密集书库-美术系/ [索取号:J431/219] 在馆    
10 0808186   208081868   密集书库-美术系/ [索取号:J431/219] 在馆    
唐山师范学院图书馆 欢迎您!
大连网信软件有限公司© 版权所有